El sinuoso regreso de la economía heterodoxa /

में बचाया:
ग्रंथसूची विवरण
मुख्य लेखक: Lampa, Roberto
स्वरूप: पुस्तक
भाषा:Spanish
टैग: टैग जोड़ें
कोई टैग नहीं, इस रिकॉर्ड को टैग करने वाले पहले व्यक्ति बनें!

MARC

LEADER 00000nam a22000007a 4500
003 cru CIDCACS/IIS
005 20170720132500.0
007 ta
008 170720s2017 ag ||||| |||| 00| 0 spa d
999 |c 19472  |d 19472 
040 |c cru CIDCACS/IIS 
100 1 |9 5015  |a Lampa, Roberto 
245 1 3 |a El sinuoso regreso de la economía heterodoxa /  |c Roberto Lampa 
300 |a páginas 87-99 
773 0 |0 19022  |9 1045  |a Fundación Friedrich Ebert  |d Fundación Friedrich Ebert; Nueva Sociedad  |o 18269  |t Nueva Sociedad / 
942 |2 ddc  |c PP